Ja vám ukážem! Fenomenálny cyklista LANCE ARMSTRONG sa chce vrátiť

Bibliographic Details
Main Author: Turis, Juraj (Author)
Format: Article
Language:Slovak
PhysicalDescription:Fotogr.
ISSN:0139-6323
Subjects:

MARC

LEADER 00000nab a2200000 ar4500
001 vtls008416724
003 SK-MaSNL
005 20260303070023.0
008 051207c2005 xo mr|p|||||||000 b|slo
015 |a SNBRB2005/12 
038 |a SNSK 
040 |a SNSK  |b slo  |c SNSK  |e AACR2 
041 0 |a slo 
044 |a xo  |c SK 
080 |a 796.61.093.1  |x 44  |2 UDC-MRF-SK2 
100 1 |a Turis, Juraj  |4 aut  |9 267882 
245 1 0 |a Ja vám ukážem!  |b Fenomenálny cyklista LANCE ARMSTRONG sa chce vrátiť  |c Juraj Turis 
300 |b Fotogr. 
600 1 7 |a Armstrong, Lance,  |d 1971-  |2 snsk  |9 54864 
611 2 7 |a Tour de France  |d 2005  |2 snsk  |9 1066909 
650 0 7 |a cestná cyklistika  |2 snsk  |9 75789 
773 0 |t Život  |g Roč. 55, č. 40 (2005), s.34-35  |x 0139-6323 
852 |a SNSK  |b KIS3GCP 
999 |c 1753581  |d 1755511